| 000 | 00383nam a2200133Ia 4500 | ||
|---|---|---|---|
| 008 | 191014s9999 xx 000 0 und d | ||
| 020 | _a0-7506-2634-8 | ||
| 082 |
_a537.6 _bLAN |
||
| 100 |
_aL.D. Landau, E.M. Lifeshitz _920382 |
||
| 245 | 0 | _aElectrodynamics of Continuous Media 2nd ed. Vol.8 | |
| 260 |
_aNoida _bGopsons Papers Limited _c1988 |
||
| 300 | _aXiii,460 | ||
| 942 | _cBK | ||
| 999 |
_c530961 _d530961 |
||